[Event "2024 British Rapidplay Championship"]
[Site "Holiday Inn Peterborough - West"]
[Date "2024.03.03"]
[Round "10.19"]
[White "Vijayakumar, Rishi"]
[Black "Starley, Robert"]
[Result "0-1"]
[WhiteFideId "2408953"]
[BlackFideId "421006"]
[WhiteElo "1809"]
[BlackElo "1944"]
[EventDate "2024.03.02"]

1. d4 Nf6 2. c4 e6 3. Nf3 Bb4+ 4. Bd2 Qe7 5. g3 O-O 6. Bg2 d5 7. O-O c6 8. Bg5 h6
9. Bxf6 Qxf6 10. a3 Be7 11. Nc3 b6 12. e4 Ba6 13. b3 Nd7 14. Re1 dxc4 15. b4 b5 16.
e5 Qg6 17. Nd2 Qd3 18. Nde4 Qxd1 19. Raxd1 Nb6 20. Nc5 Bxc5 21. dxc5 Nd5 22. Bxd5
exd5 23. Ne2 Bc8 24. Nd4 Bd7 25. f4 g6 26. a4 bxa4 27. Ra1 a5 28. b5 cxb5 29. c6
Be8 30. e6 fxe6 31. Rxe6 Bf7 32. Re7 Rfe8 33. Rb7 b4 34. Rxa4 b3 35. c7 Rac8 36.
Rxa5 b2 37. Rab5 Re1+ 38. Kf2 b1=Q 39. Rxb1 Rxb1 40. Rxb1 Rxc7 41. Rb8+ Kg7 42. f5
c3 43. fxg6 c2 44. Nxc2 0-1

[Event "2024 British Rapidplay Championship"]
[Site "Holiday Inn Peterborough - West"]
[Date "2024.03.03"]
[Round "10.20"]
[White "Banerjee, Supratit"]
[Black "Nicholas, Koichi B"]
[Result "1-0"]
[WhiteFideId "2410079"]
[BlackFideId "409820"]
[WhiteElo "1962"]
[BlackElo "1987"]
[EventDate "2024.03.02"]

1. e4 e5 2. Nf3 Nc6 3. d4 exd4 4. Nxd4 Nf6 5. Nc3 Bb4 6. Nxc6 bxc6 7. Bd3 d5 8. exd5
O-O 9. O-O cxd5 10. Bg5 c6 11. Qf3 Rb8 12. Rab1 Re8 13. Rfe1 Rxe1+ 14. Rxe1 Be6 15.
a3 Bd6 16. b4 h6 17. Bf4 Qc7 18. Bxd6 Qxd6 19. h3 a5 20. bxa5 Qxa3 21. Nxd5 Qb2 22.
Nxf6+ Qxf6 23. Qxf6 gxf6 24. a6 Kf8 25. f4 Ra8 26. Rb1 Ke7 27. Rb7+ Kd6 28. f5 Bd7
29. Kf2 c5 30. g4 Be8 31. Rb6+ Ke5 32. Ke3 Ba4 33. Rb7 Bc6 34. Rc7 Kd6 35. Rxc6+
Kd5 1-0

[Event "2024 British Rapidplay Championship"]
[Site "Holiday Inn Peterborough - West"]
[Date "2024.03.03"]
[Round "10.21"]
[White "Fava, Lorenzo"]
[Black "Dougherty, Michael"]
[Result "0-1"]
[WhiteFideId "2837434"]
[BlackFideId "2601559"]
[WhiteElo "1913"]
[BlackElo "2030"]
[EventDate "2024.03.02"]

1. Nf3 g6 2. e3 Bg7 3. d4 c5 4. b3 cxd4 5. exd4 Qa5+ 6. Nbd2 Nc6 7. Bb2 d5 8. Be2
Nf6 9. O-O O-O 10. a3 Bg4 11. h3 Bf5 12. Nh4 Ne4 13. Nxf5 Qxd2 14. Nxg7 Kxg7 15.
Qxd2 Nxd2 16. Rfd1 Ne4 17. c4 e6 18. Bf3 f5 19. b4 Ng5 20. Be2 f4 21. f3 Ne7 22.
Bd3 Nf7 23. Re1 Kf6 24. c5 Nf5 25. Bxf5 Kxf5 26. b5 Kf6 27. a4 Nh6 28. Bc1 g5 29.
h4 Nf5 30. hxg5+ Kxg5 31. Rxe6 Rae8 32. Re5 Rxe5 33. dxe5 Re8 34. Bb2 Ne3 35. Bd4
Kf5 36. g4+ Ke6 37. Ra2 h5 38. Rh2 hxg4 39. Rh6+ Kf5 40. Rf6+ Kg5 41. Rf7 Nf5 42.
Bb2 d4 43. fxg4 Kxg4 44. Rd7 Rxe5 45. Bxd4 Nxd4 46. Rxd4 Kg3 47. Kf1 Rxc5 48. Rd7
Rc1+ 49. Ke2 f3+ 50. Kd2 f2 51. Rg7+ Kh4 52. Kxc1 f1=Q+ 53. Kc2 Qc4+ 54. Kb1 Qb3+
0-1

[Event "2024 British Rapidplay Championship"]
[Site "Holiday Inn Peterborough - West"]
[Date "2024.03.03"]
[Round "10.22"]
[White "Tiruchirapalli, Venkataramanan"]
[Black "Rich, Ben S"]
[Result "1-0"]
[WhiteFideId "5001579"]
[BlackFideId "490431"]
[WhiteElo "2263"]
[BlackElo "1918"]
[EventDate "2024.03.02"]

1. e4 c5 2. c3 d6 3. d4 Qc7 4. Nf3 Nd7 5. Na3 a6 6. Bf4 e6 7. Bd3 Ngf6 8. O-O b5
9. Re1 Bb7 10. h3 Be7 11. Rc1 Qb6 12. Bb1 Rc8 13. b4 O-O 14. e5 Nd5 15. exd6 Nxf4
16. dxe7 Rfe8 17. dxc5 Qc7 18. c4 Bc6 19. cxb5 axb5 20. Qd6 Nf6 21. Qxc7 Rxc7 22.
Nd4 Nxg2 23. Nxc6 Nxe1 24. Ne5 Nd5 25. Nxb5 Rcxe7 26. Rxe1 Nxb4 27. a3 Nd5 28. c6
f6 29. Nf3 Kf7 30. Nd6+ Kf8 31. Nxe8 Kxe8 32. Ba2 Nf4 33. Nd4 e5 34. Nb5 Kd8 35.
Rd1+ Kc8 36. Kh2 Ne2 37. c7 Nd4 38. Nxd4 exd4 39. Rxd4 Rxc7 40. Rc4 h6 41. Rxc7+
Kxc7 42. Kg3 Kd6 43. Kf4 1-0

[Event "2024 British Rapidplay Championship"]
[Site "Holiday Inn Peterborough - West"]
[Date "2024.03.03"]
[Round "10.23"]
[White "Baer, Bruce L"]
[Black "Ashton, Adam G"]
[Result "0-1"]
[WhiteFideId "488801"]
[BlackFideId "410110"]
[WhiteElo "1918"]
[BlackElo "2345"]
[EventDate "2024.03.02"]

1. d3 d5 2. g3 e5 3. Bg2 Nf6 4. Nf3 Nc6 5. O-O Be7 6. Nc3 O-O 7. e4 dxe4 8. dxe4
Bg4 9. Bg5 Nd4 10. Re1 c6 11. Re3 h6 12. Bxf6 Bxf6 13. Rd3 Qc7 14. h3 Nxf3+ 15. Bxf3
Be6 16. Bg4 Bxg4 17. hxg4 Rfd8 18. Kg2 Rxd3 19. Qxd3 Rd8 20. Qf3 Qb6 21. Rd1 Qxb2
22. Rxd8+ Bxd8 23. Qd3 Ba5 24. Ne2 Qxa2 25. f4 Qe6 26. f5 Qe7 27. Ng1 Bb6 28. Nf3
a5 29. Kh3 a4 30. g5 hxg5 31. Kg4 Bd8 32. Nxe5 Bc7 33. Nc4 b5 0-1

[Event "2024 British Rapidplay Championship"]
[Site "Holiday Inn Peterborough - West"]
[Date "2024.03.03"]
[Round "10.24"]
[White "Pickard, Charles"]
[Black "Pang, Ethan"]
[Result "1/2-1/2"]
[WhiteFideId "470880"]
[BlackFideId "496995"]
[WhiteElo "2190"]
[BlackElo "1887"]
[EventDate "2024.03.02"]

1. Nf3 c5 2. c4 Nc6 3. d4 cxd4 4. Nxd4 g6 5. e4 Qb6 6. Nb3 Bg7 7. Be3 Qc7 8. Nc3
Bxc3+ 9. bxc3 Nf6 10. c5 b6 11. cxb6 axb6 12. f3 O-O 13. Be2 d6 14. O-O Ba6 15. Nd4
Bxe2 16. Qxe2 Ne5 17. Rfc1 Qc4 18. Qxc4 Nxc4 19. Bg5 Kg7 20. a4 Rfc8 21. Rcb1 Rc5
22. Bc1 Nd7 23. Rb4 Nde5 24. Ba3 Nc6 25. Rbb1 Nxa3 26. Rxa3 Nxd4 27. cxd4 Rca5 28.
Rxb6 Rxa4 29. Rxa4 Rxa4 1/2-1/2

[Event "2024 British Rapidplay Championship"]
[Site "Holiday Inn Peterborough - West"]
[Date "2024.03.03"]
[Round "10.25"]
[White "Hng, Mei-En Emmanuelle"]
[Black "Hryshchenko, Kamila"]
[Result "1/2-1/2"]
[WhiteFideId "5804566"]
[BlackFideId "14147491"]
[WhiteElo "1974"]
[BlackElo "2118"]
[EventDate "2024.03.02"]

1. Nf3 d6 2. c4 e5 3. Nc3 f5 4. d3 Nf6 5. g3 Be7 6. Bg2 O-O 7. O-O c6 8. b4 Kh8 9.
Rb1 Be6 10. Qc2 Qe8 11. b5 Qh5 12. bxc6 bxc6 13. Rb7 Nfd7 14. c5 Re8 15. cxd6 Bxd6
16. Ng5 Nc5 17. Rb1 Bg8 18. Na4 Nxa4 19. Qxa4 h6 20. Nf3 e4 21. dxe4 fxe4 22. Nd4
Bd5 23. Be3 Bc5 24. Rfd1 Bxd4 25. Rxd4 Nd7 26. Qc2 Nf6 27. h3 Be6 28. g4 Qh4 29.
Qxc6 Bxa2 30. Rb7 Rac8 31. Qa4 Be6 32. Qxa7 Bxg4 33. Rxg7 Bxh3 34. Rdd7 Bxd7 35.
Rxd7 Nxd7 36. Qxd7 Qe7 37. Bd4+ Kg8 38. Qg4+ Kf8 39. Qf4+ Qf7 40. Qxh6+ Ke7 41. Qg5+
Kd6 42. Qg3+ Kd5 43. Qb3+ Rc4 44. Be3 Kc6 45. Qb6+ Kd7 46. Bh3+ Ke7 47. Bc5+ Rxc5
48. Qxc5+ Kf6 49. Qf5+ Kg7 50. Qg5+ Qg6 51. Qxg6+ Kxg6 52. Kg2 Kg5 53. e3 Rg8 54.
Kg3 Rg7 55. Bg4 Rg6 56. Bh3 Rf6 57. Bg2 Kf5 58. f3 exf3 59. Bxf3 Rg6+ 60. Kf2 Ke5
61. Ba8 Rf6+ 62. Ke2 Ra6 63. Bb7 Ra2+ 64. Kf3 Rh2 65. e4 Rh3+ 66. Kg4 Rh7 67. Bd5
Re7 68. Kf3 1/2-1/2

[Event "2024 British Rapidplay Championship"]
[Site "Holiday Inn Peterborough - West"]
[Date "2024.03.03"]
[Round "10.26"]
[White "Jermy, Jaden"]
[Black "Dasgupta, Avyukt"]
[Result "0-1"]
[WhiteFideId "459496"]
[BlackFideId "480630"]
[WhiteElo "1978"]
[BlackElo "1905"]
[EventDate "2024.03.02"]

1. Nf3 d5 2. d4 Nf6 3. c4 c6 4. g3 Bf5 5. Bg2 e6 6. O-O Nbd7 7. Nbd2 Be7 8. Nh4 Bg4
9. Nhf3 O-O 10. Re1 Qb6 11. Qb3 Qxb3 12. axb3 Bb4 13. h3 Bxf3 14. Bxf3 Nb6 15. c5
Nbd7 16. Rd1 e5 17. e3 e4 18. Be2 Bxd2 19. Bxd2 a6 20. g4 h6 21. Ba5 Rfe8 22. Kg2
Rac8 23. Rh1 Nf8 24. h4 Ne6 25. Rh2 g6 26. Rg1 Nd7 27. Ra1 Kh7 28. Rf1 f5 29. f4
Ng7 30. Kf2 h5 31. gxh5 gxh5 32. Rg1 Nf6 33. Rg5 Ng4+ 34. Bxg4 hxg4 35. h5 Re6 36.
Kg3 Rf6 37. Bb6 Ne6 38. Rg6 Rxg6 39. hxg6+ Kxg6 40. Ba5 Ng7 41. Be1 Nh5+ 42. Kg2
Rc7 43. Ba5 Rh7 44. Be1 Nf6 45. Bh4 Ne8 46. Kg3 Nc7 47. Rh1 Nb5 48. Rh2 Kf7 49. Rh1
Kf8 50. Be7+ Rxe7 51. Rh5 Rf7 52. Rh8+ Kg7 53. Rb8 Re7 54. Kg2 Nxd4 55. exd4 e3 56.
Kf1 g3 0-1

[Event "2024 British Rapidplay Championship"]
[Site "Holiday Inn Peterborough - West"]
[Date "2024.03.03"]
[Round "10.27"]
[White "Williams, Ana"]
[Black "Frostick, Clive A"]
[Result "0-1"]
[WhiteFideId "343419771"]
[BlackFideId "411302"]
[WhiteElo "1804"]
[BlackElo "2162"]
[EventDate "2024.03.02"]

1. e4 c5 2. Nf3 e6 3. c4 Nc6 4. Nc3 Nf6 5. d4 cxd4 6. Nxd4 Qb6 7. Ndb5 a6 8. Nd6+
Bxd6 9. Qxd6 Qd4 10. Bf4 e5 11. Nd5 Nxd5 12. exd5 exf4 13. Rd1 Qe5+ 14. Qxe5+ Nxe5
15. Be2 d6 16. Kd2 Bf5 17. Rhe1 O-O 18. b3 Rfe8 19. Kc3 b6 20. Kd4 Rec8 21. g3 f3
22. Bf1 f6 23. Rc1 Kf7 24. b4 a5 25. c5 axb4 26. cxb6 Rxc1 27. Rxc1 Rb8 28. Rc7+
Bd7 29. b7 Ke7 30. Ba6 Kd8 31. Rc2 Ng6 32. Rb2 Kc7 33. Rc2+ Kb6 34. Rc8 Rxc8 35.
bxc8=Q Bxc8 36. Bxc8 Ne5 37. h4 Ka5 38. Ke4 g6 39. h5 Ka4 40. Be6 Ka3 41. Bg8 gxh5
42. Bxh7 Kxa2 43. Kf5 b3 44. Kxf6 Ng4+ 45. Ke6 Nxf2 46. Kxd6 Ng4 47. Ke6 f2 48. Bd3
b2 49. d6 f1=Q 50. Bxf1 b1=Q 51. Bc4+ Ka3 52. d7 Qb8 53. Ke7 Qb4+ 54. Ke6 Qxc4+ 55.
Ke7 Qe4+ 56. Kf8 Qd5 57. Ke8 Qe6+ 58. Kd8 Nf6 0-1

[Event "2024 British Rapidplay Championship"]
[Site "Holiday Inn Peterborough - West"]
[Date "2024.03.03"]
[Round "10.28"]
[White "Manley, Jon P"]
[Black "Kothari, Jai"]
[Result "0-1"]
[WhiteFideId "403296"]
[BlackFideId "477117"]
[WhiteElo "2160"]
[BlackElo "1908"]
[EventDate "2024.03.02"]

1. e4 c5 2. Nc3 Nc6 3. f4 g6 4. Nf3 Bg7 5. g3 d6 6. Bg2 e6 7. d3 Nge7 8. O-O O-O
9. Be3 b6 10. Bf2 d5 11. e5 Bb7 12. g4 a6 13. Ne2 Qd7 14. Ng3 f6 15. exf6 Rxf6 16.
Ne2 Raf8 17. Bg3 d4 18. c4 h6 19. Qd2 R6f7 20. Rae1 e5 21. Nxe5 Nxe5 22. Bxb7 Nxc4
23. dxc4 Qxb7 24. Qd3 Qd7 25. h3 Kh7 26. Kh2 Nc6 27. a3 Re7 28. Ng1 Rxe1 29. Rxe1
Re8 30. Rxe8 Qxe8 31. Nf3 Qe3 32. Ne1 Qxd3 33. Nxd3 Na5 34. f5 gxf5 35. gxf5 Nxc4
36. Bc7 Ne3 37. Bxb6 c4 38. Nb4 Nxf5 39. Nxa6 d3 40. Ba5 Bxb2 41. Nc5 Nd4 42. Ne4
Ne2 43. Kg2 c3 44. Kf2 c2 45. Bd2 Nc3 46. Kf3 Nb1 47. Be3 d2 0-1

[Event "2024 British Rapidplay Championship"]
[Site "Holiday Inn Peterborough - West"]
[Date "2024.03.03"]
[Round "10.29"]
[White "Zhao, George"]
[Black "Ortiz Sanchez, Luis"]
[Result "1-0"]
[WhiteFideId "494607"]
[BlackFideId "24581160"]
[WhiteElo "1909"]
[BlackElo "1909"]
[EventDate "2024.03.02"]

1. d4 d6 2. Nf3 Nf6 3. g3 Nbd7 4. Bg2 e5 5. O-O Be7 6. c4 O-O 7. Nc3 c6 8. e4 Qc7
9. h3 Re8 10. Be3 Nf8 11. Rc1 exd4 12. Nxd4 Ne6 13. Qc2 h6 14. Nxe6 Bxe6 15. b3 Rad8
16. Rfd1 Qa5 17. Rd2 d5 18. cxd5 cxd5 19. e5 Nd7 20. Nxd5 Ba3 21. Rcd1 Rc8 22. Qe4
Bc1 23. Re2 Bxe3 24. Nxe3 Nxe5 25. Qxb7 Rcd8 26. Rxd8 Rxd8 27. f4 Nd3 28. a4 Nc1
29. Rf2 Qe1+ 30. Nf1 Bxb3 31. Qxa7 Re8 32. Bf3 Bc4 33. Kg2 Nd3 34. Rc2 Nxf4+ 35.
gxf4 Bxf1+ 36. Kh2 Bd3 37. Rg2 Re3 38. Qa8+ Kh7 39. Qf8 Bg6 40. f5 Rxf3 41. fxg6+
fxg6 42. Qxf3 Qe5+ 43. Qg3 Qf5 44. a5 g5 45. a6 Qa5 46. Qd3+ Kh8 47. Re2 Qc7+ 48.
Qg3 Qc6 49. Qb8+ Kh7 50. a7 Qa6 51. Qb1+ 1-0

[Event "2024 British Rapidplay Championship"]
[Site "Holiday Inn Peterborough - West"]
[Date "2024.03.03"]
[Round "10.30"]
[White "Kovalskyi, Roman"]
[Black "Pink, Joshua"]
[Result "1-0"]
[WhiteFideId "14184214"]
[BlackFideId "424790"]
[WhiteElo "1983"]
[BlackElo "1891"]
[EventDate "2024.03.02"]

1. e4 d6 2. d4 f5 3. Bd3 fxe4 4. Bxe4 Nf6 5. Bd3 g6 6. Bg5 Bg7 7. Qd2 O-O 8. h4 Nc6
9. Ne2 e5 10. h5 e4 11. Bb5 Bf5 12. hxg6 Bxg6 13. Nf4 Qc8 14. Nxg6 hxg6 15. Bc4+
d5 16. Bxf6 Rxf6 17. Bxd5+ Kf8 18. Nc3 Qg4 19. Bxe4 Re6 20. f3 Qg3+ 21. Qf2 Qxf2+
22. Kxf2 Bxd4+ 23. Ke2 Kg7 24. Rad1 Rae8 25. Rh4 Bf6 26. Rh3 Rh8 27. Rd7+ Re7 28.
Rxe7+ Nxe7 29. Rxh8 Kxh8 30. Bxb7 Bxc3 31. bxc3 Kg7 32. Be4 Kf6 33. Ke3 g5 34. Kd4
Ke6 35. Kc5 Ke5 36. Kb5 Nc8 37. Ka6 Nd6 38. Bc6 Nc4 39. Kxa7 Ne3 40. a4 Nxg2 41.
a5 Ne3 42. a6 Nc4 43. Kb8 Kd6 44. a7 Nb6 45. a8=Q Nxa8 46. Bxa8 c5 47. c4 Ke5 48.
c3 Kf4 49. Kc7 g4 50. fxg4 Kxg4 51. Kd6 1-0

[Event "2024 British Rapidplay Championship"]
[Site "Holiday Inn Peterborough - West"]
[Date "2024.03.03"]
[Round "10.31"]
[White "Moreby, James E"]
[Black "Keerthi Kumar, Advait"]
[Result "1-0"]
[WhiteFideId "427756"]
[BlackFideId "498033"]
[WhiteElo "2248"]
[BlackElo "1838"]
[EventDate "2024.03.02"]

1. c4 Nf6 2. Nc3 g6 3. e4 d6 4. d4 Bg7 5. Be2 O-O 6. Be3 Nc6 7. d5 Ne5 8. f4 Ned7
9. Nf3 e5 10. dxe6 fxe6 11. O-O b6 12. Nd4 Nc5 13. Bf3 Qe7 14. e5 Bb7 15. exf6 Qxf6
16. Bxb7 Nxb7 17. Nc6 a5 18. Bd4 Qf7 19. Bxg7 Qxg7 20. Qd4 Qd7 21. Ne5 Qg7 22. Nf3
Qh6 23. Ng5 Nc5 24. Nce4 Nxe4 25. Qxe4 e5 26. Qd5+ Kg7 27. Ne6+ Kh8 28. Nxf8 Rxf8
29. fxe5 Qe3+ 30. Kh1 Rd8 31. Rae1 Qh6 32. e6 Qg7 33. e7 Re8 34. Qc6 Qg8 35. Qxe8
1-0

[Event "2024 British Rapidplay Championship"]
[Site "Holiday Inn Peterborough - West"]
[Date "2024.03.03"]
[Round "10.32"]
[White "Harvey, Alan"]
[Black "Shearsby, Jude"]
[Result "0-1"]
[WhiteFideId "445886"]
[BlackFideId "462527"]
[WhiteElo "1996"]
[BlackElo "2028"]
[EventDate "2024.03.02"]

1. c4 Nc6 2. Nc3 e5 3. g3 d6 4. Bg2 f5 5. d3 Nf6 6. e4 Be7 7. Nge2 O-O 8. h3 Qe8
9. Nd5 Bd8 10. O-O Qg6 11. Kh2 fxe4 12. Nxf6+ Rxf6 13. dxe4 Qf7 14. Bg5 Rxf2 15.
Rxf2 Qxf2 16. Qd5+ Qf7 17. Bxd8 Nxd8 18. Rf1 Qxd5 19. cxd5 c5 20. Nc3 a6 21. a4 Bd7
22. Ra1 b6 23. h4 Nb7 24. Bh3 Bxh3 25. Kxh3 Na5 26. Na2 Nc4 27. Nc3 Nxb2 0-1

[Event "2024 British Rapidplay Championship"]
[Site "Holiday Inn Peterborough - West"]
[Date "2024.03.03"]
[Round "10.33"]
[White "Veeturi, Yashvardhan"]
[Black "Jackson, Sheila"]
[Result "1/2-1/2"]
[WhiteFideId "343402496"]
[BlackFideId "402508"]
[WhiteElo "1642"]
[BlackElo "1986"]
[EventDate "2024.03.02"]

1. e4 c5 2. Nc3 Nc6 3. Bb5 Nd4 4. Nf3 Nxb5 5. Nxb5 a6 6. Nc3 e6 7. d4 cxd4 8. Qxd4
d6 9. O-O Qc7 10. Be3 Nf6 11. h3 Be7 12. Rad1 O-O 13. e5 dxe5 14. Qxe5 Qxe5 15. Nxe5
b5 16. a3 Bb7 17. Nd7 Rfd8 18. Nxf6+ Bxf6 19. Bb6 Rxd1 20. Rxd1 Bxc3 21. bxc3 Be4
22. Rd8+ Rxd8 23. Bxd8 Bxc2 24. Ba5 Bd3 25. Bb4 e5 26. g3 f5 27. Kg2 e4 28. h4 g6
29. Kg1 Kf7 30. Kg2 Ke6 31. Kg1 Kd5 32. Kg2 Kc4 33. Kg1 Kb3 34. Kg2 Ka4 35. Kg1 a5
36. Bc5 Kb3 37. Bb6 a4 38. Bc5 Kxc3 39. Bb4+ Kd4 40. Kg2 Be2 41. Kg1 e3 42. fxe3+
Kxe3 43. Kh2 Kf3 44. Bd6 Bc4 45. Bb4 Kg4 46. Be7 f4 47. gxf4 Kxf4 48. Kg1 Kg3 49.
h5 gxh5 50. Bd6+ Kf3 51. Kh2 Bf1 52. Bb4 h4 53. Bc5 h5 54. Bb4 Kg4 55. Bc5 Bc4 56.
Bb4 Bd5 57. Bc5 h3 58. Bb4 Bg2 59. Bc5 Kf3 60. Bb4 1/2-1/2

[Event "2024 British Rapidplay Championship"]
[Site "Holiday Inn Peterborough - West"]
[Date "2024.03.03"]
[Round "10.34"]
[White "Mikalajunas, Kajus"]
[Black "Patel, Zain"]
[Result "1/2-1/2"]
[WhiteFideId "483621"]
[BlackFideId "469246"]
[WhiteElo "2042"]
[BlackElo "1828"]
[EventDate "2024.03.02"]

1. d4 Nf6 2. c4 e6 3. Nc3 d5 4. cxd5 Nxd5 5. e4 Nxc3 6. bxc3 c5 7. Nf3 cxd4 8. cxd4
Bb4+ 9. Bd2 Bxd2+ 10. Qxd2 O-O 11. Be2 Nd7 12. O-O b6 13. e5 Bb7 14. Rac1 Bd5 15.
a4 Qe7 16. Rc7 Rfc8 17. Rfc1 Rxc7 18. Rxc7 Qd8 19. Rc1 Rc8 20. h3 h6 21. Kf1 Rc7
22. Ke1 Qc8 23. Rxc7 Qxc7 24. Qb2 Bxf3 25. Bxf3 Qc4 26. Bd1 Nb8 27. a5 Nc6 28. axb6
axb6 29. Qxb6 Nxd4 30. Qb8+ Kh7 31. Qb1+ g6 32. Qe4 Qc3+ 33. Kf1 Qd2 34. Qe1 Qf4
35. g3 Qf5 36. Kg2 Nc6 37. f4 Qb1 38. Qc3 Nxe5 39. Qxe5 Qxd1 40. Qc7 Qe2+ 41. Kg1
Qe3+ 42. Kg2 Qe4+ 43. Kg1 Qf5 44. Kg2 g5 45. fxg5 hxg5 46. Qc3 e5 47. Qe3 e4 48.
Kg1 Kg6 49. Kg2 f6 50. Qb3 Qc8 51. Qd5 Qe8 52. Kf2 Qe7 53. Qg8+ Kf5 54. Qc8+ Qe6
55. g4+ Ke5 56. Qc5+ Qd5 57. Qe7+ 1/2-1/2

[Event "2024 British Rapidplay Championship"]
[Site "Holiday Inn Peterborough - West"]
[Date "2024.03.03"]
[Round "10.35"]
[White "Khoury, Theo"]
[Black "Sagues, Vincent"]
[Result "1-0"]
[WhiteFideId "480703"]
[BlackFideId "625680"]
[WhiteElo "1968"]
[BlackElo "1891"]
[EventDate "2024.03.02"]

1. e4 d5 2. exd5 Qxd5 3. Nc3 Qd8 4. d4 Nf6 5. Nf3 Bg4 6. h3 Bxf3 7. Qxf3 c6 8. Be3
e6 9. Be2 Nbd7 10. g4 Nd5 11. Nxd5 cxd5 12. g5 Bd6 13. h4 Qb6 14. O-O-O Qa5 15. Kb1
Nb6 16. h5 Na4 17. g6 O-O-O 18. gxf7 Nxb2 19. Bd2 Qb6 20. Qc3+ Nc4+ 21. Ka1 Kb8 22.
Bxc4 dxc4 23. Rhg1 Be7 24. Qg3+ Bd6 25. Bf4 c3 26. Bxd6+ Rxd6 27. Qxc3 Rc8 28. Qxc8+
1-0

[Event "2024 British Rapidplay Championship"]
[Site "Holiday Inn Peterborough - West"]
[Date "2024.03.03"]
[Round "10.36"]
[White "McCarthy, Kevin C"]
[Black "White, Stuart A"]
[Result "1/2-1/2"]
[WhiteFideId "470775"]
[BlackFideId "407747"]
[WhiteElo "1974"]
[BlackElo "2147"]
[EventDate "2024.03.02"]

1. d4 Nf6 2. Nf3 d5 3. Nc3 Bf5 4. Bf4 c6 5. e3 e6 6. Bd3 Bxd3 7. Qxd3 Nbd7 8. h3
Be7 9. O-O O-O 10. Rfe1 Rc8 11. Ne5 c5 12. Nxd7 Qxd7 13. dxc5 Rxc5 14. Be5 a6 15.
a3 b5 16. Bxf6 Bxf6 17. Ne4 Rc7 18. Nxf6+ gxf6 19. c3 1/2-1/2

[Event "2024 British Rapidplay Championship"]
[Site "Holiday Inn Peterborough - West"]
[Date "2024.03.03"]
[Round "10.37"]
[White "Alizada, Eldar A"]
[Black "Rich, Aaron"]
[Result "1-0"]
[WhiteFideId "464104"]
[BlackFideId "499951"]
[WhiteElo "1975"]
[BlackElo "1767"]
[EventDate "2024.03.02"]

1. d4 f5 2. Nc3 Nf6 3. Bg5 e6 4. e4 fxe4 5. Nxe4 Be7 6. Bxf6 Bxf6 7. Nf3 O-O 8. Bd3
b6 9. O-O Bb7 10. c3 Qe8 11. Qc2 Qh5 12. Ng3 Qh6 13. Be4 Nc6 14. Rad1 Na5 15. Rfe1
Bh4 16. Ne5 Bxg3 17. hxg3 d6 18. Ng4 Qh5 19. Bxb7 Nxb7 20. Qe4 Rae8 21. Qxb7 Qxg4
22. Qxc7 Qf5 23. Rd2 Qg5 24. Rde2 Rf6 25. Qxa7 Rh6 26. Re4 Rf8 27. Qa6 Qd2 28. Qe2
Qg5 29. Rxe6 Kh8 30. Re8 Rhf6 31. Qe7 Qf5 32. f3 h6 33. Rxf8+ Rxf8 34. Qxd6 Rf6 35.
Qe5 Qc2 36. Qe8+ Kh7 37. Qe4+ Qxe4 38. Rxe4 g5 39. d5 Kg7 40. c4 Rd6 41. Re6 Rd8
42. Rxb6 h5 43. d6 h4 44. gxh4 g4 45. fxg4 Rf8 46. d7 Kf7 47. Rd6 1-0

[Event "2024 British Rapidplay Championship"]
[Site "Holiday Inn Peterborough - West"]
[Date "2024.03.03"]
[Round "10.38"]
[White "Vaidyanathan, Adithya"]
[Black "Southcott-Moyers, Indy"]
[Result "1/2-1/2"]
[WhiteFideId "495450"]
[BlackFideId "488542"]
[WhiteElo "1805"]
[BlackElo "1993"]
[EventDate "2024.03.02"]

1. Nf3 d5 2. d4 Nf6 3. c4 e6 4. Nc3 a6 5. cxd5 exd5 6. Bg5 Be6 7. e3 Nbd7 8. Qb3
Rb8 9. Ne5 Be7 10. Nxd7 Nxd7 11. Bxe7 Qxe7 12. Bd3 O-O 13. O-O c6 14. Qc2 h6 15.
a3 Nf6 16. b4 Ne8 17. Rfb1 Nd6 18. a4 Rbc8 19. Qd2 Qg5 20. b5 axb5 21. axb5 c5 22.
dxc5 Rxc5 23. Ne2 Rfc8 24. Nd4 Qf6 25. Rc1 Nc4 26. Qe2 g6 27. Nxe6 Qxe6 28. Rc2 Rxb5
29. Rac1 Rbc5 30. f4 b6 31. e4 b5 32. e5 Qb6 33. Kh1 Na3 34. Rxc5 Rxc5 35. Rxc5 Qxc5
36. g3 Qc1+ 37. Kg2 Nc4 38. e6 Ne3+ 39. Kf3 d4 40. e7 Qc6+ 41. Be4 Qe8 42. Qd3 Qxe7
43. Qxd4 Nc4 44. f5 gxf5 45. Bxf5 Nd6 46. Bd3 Qe6 47. Kg2 Qa2+ 48. Kh3 Qe6+ 49. Kg2
Nc4 50. Qd8+ Kg7 51. Qd4+ Qf6 52. Qg4+ Qg5 53. Qe4 Ne3+ 54. Kf3 Nc4 55. Bxc4 Qf6+
56. Kg2 bxc4 57. Qxc4 Qb2+ 58. Kh3 Qf6 59. Qg4+ Kf8 60. Qc8+ Kg7 61. Qd7 Qf1+ 62.
Kh4 Qe2 63. Qg4+ Qxg4+ 64. Kxg4 Kg6 65. Kf4 f6 66. Kg4 h5+ 67. Kf4 Kg7 68. Kf5 Kf7
69. Ke4 Kg6 70. h4 Kg7 71. Kd5 Kh7 72. Kd6 Kh6 73. Kd7 Kh7 74. Kd6 Kh6 75. Kd5 Kh7
76. Ke4 1/2-1/2

[Event "2024 British Rapidplay Championship"]
[Site "Holiday Inn Peterborough - West"]
[Date "2024.03.03"]
[Round "10.39"]
[White "Keohane, Benedict A"]
[Black "Hutchinson, Paul A"]
[Result "1/2-1/2"]
[WhiteFideId "433950"]
[BlackFideId "411558"]
[WhiteElo "1855"]
[BlackElo "2064"]
[EventDate "2024.03.02"]

1. e4 d5 2. Nc3 dxe4 3. Nxe4 Nf6 4. Nxf6+ exf6 5. d4 Be6 6. Nf3 Be7 7. Bd3 O-O 8.
O-O c5 9. Be3 c4 10. Be2 Nc6 11. c3 Bd5 12. b3 b5 13. bxc4 bxc4 14. Qc2 Bd6 15. h3
Ne7 16. Nh4 g6 17. Bf3 Qd7 18. Rab1 Rfe8 19. Qd2 Bxf3 20. Nxf3 Nd5 21. Rfe1 Rab8
22. Nh2 f5 23. Bh6 Nf6 24. Nf3 Ne4 25. Qc2 Qc7 26. Be3 Rxb1 27. Rxb1 Nf6 28. Rb5
a6 29. Rb1 Nd5 30. Bh6 Bf4 31. Bxf4 Nxf4 32. Qb2 Nd3 33. Qb6 Qc8 34. d5 Rd8 35. Qd4
Qc7 36. Nd2 Nf4 37. Qxc4 Qxc4 38. Nxc4 Rxd5 39. Ne3 Ra5 40. Rb2 Rc5 41. c4 Nd3 42.
Rd2 Nb4 43. a3 Nc6 44. Kf1 Ra5 45. Rd3 Ne5 46. Rc3 Nd7 47. Nd5 Kg7 48. Ke2 Nc5 49.
f3 h5 50. h4 Ne6 51. Ke3 f6 52. Rb3 f4+ 53. Kd2 g5 54. Rb7+ Kg6 55. Ne7+ Kh6 56.
hxg5+ fxg5 57. Nd5 Ng7 58. Rb6+ Kh7 59. Nf6+ Kg6 60. Ne4+ Kf7 61. Rf6+ Ke7 62. Rg6
Ne6 63. Rh6 Rxa3 64. Rh7+ Kf8 65. Rxh5 Ra2+ 66. Kc3 Rxg2 67. c5 Re2 68. c6 Nc7 69.
Nxg5 Nb5+ 70. Kb4 Rc2 71. Rh6 Kg7 72. Re6 Nd4 73. Re4 Nxc6+ 74. Kb3 Rc1 75. Rxf4
Ne5 76. Ne6+ Kg6 77. Nf8+ Kg5 78. Ne6+ Kg6 79. Nf8+ Kg5 80. Ne6+ Kg6 81. Nf8+ Kg5
82. Ne6+ 1/2-1/2

[Event "2024 British Rapidplay Championship"]
[Site "Holiday Inn Peterborough - West"]
[Date "2024.03.03"]
[Round "10.40"]
[White "Brocklehurst, Andrew"]
[Black "Dupuis, Denis K"]
[Result "0-1"]
[WhiteFideId "424765"]
[BlackFideId "452980"]
[WhiteElo "1896"]
[BlackElo "1934"]
[EventDate "2024.03.02"]

1. e4 e5 2. Nf3 Nc6 3. Bb5 f5 4. Bxc6 dxc6 5. d4 fxe4 6. Nxe5 Nf6 7. Be3 Bd6 8. Nc4
O-O 9. Nxd6 cxd6 10. h3 Qe8 11. Nc3 d5 12. Qe2 Qg6 13. g4 h5 14. gxh5 Qxh5 15. O-O-O
Qxe2 16. Nxe2 Nh5 17. Rdg1 Kh7 18. Rg5 Rf5 19. Rhg1 Be6 20. Rxf5 Bxf5 21. Ng3 Bg6
22. Nxh5 Bxh5 23. Rg5 Bf7 24. Re5 Re8 25. Rxe8 Bxe8 26. Kd2 Kg6 27. h4 Kf5 28. Bg5
Kg4 29. Ke3 Kh3 30. b3 Bh5 31. c4 Kg2 32. cxd5 cxd5 33. Bf4 Kf1 34. Bg3 Bf3 35. Kd2
a6 36. b4 b6 37. a3 b5 38. Kc2 Be2 39. Kd2 Bd3 40. Ke3 Be2 41. Kd2 Bf3 42. Ke3 Ke1
43. Kf4 Kd2 44. Ke5 Kc3 45. Bf4 Kb2 46. Kd6 Kxa3 47. Kc5 Kb3 48. Be3 Kc3 49. Kxd5
Kxb4 50. Bd2+ Ka4 51. Kc5 a5 52. d5 b4 53. Kb6 b3 54. Bxa5 b2 55. Bc3 0-1